000 02039cam a2200133 4500500
005 20260405000125.0
041 _afre
042 _adc
100 1 0 _aPayot, Daniel
_eauthor
245 0 0 _aConstellation et utopie : Theodor W. Adorno, le singulier et l'espérance
260 _bKlincksieck,
_c2018.
520 _aLa philosophie d’Adorno est une critique de la domination politique et idéologique. Elle est aussi une méditation sur les devoirs de la pensée confrontée à la Shoah et aux totalitarismes du XXe siècle.Face à la Catastrophe, elle ne s’abîme pas dans le défaitisme mais tente de retrouver, sous les mythes qui les étouffent, les raisons d’espérer sans lesquelles l’expérience humaine ne serait pas viable. La notion d’utopie, qu’il hérite d’Ernst Bloch et de Walter Benjamin, a d’abord chez Adorno ce sens d’un dégagement de possibles qui, enfouis dans l’Histoire et réprimés par la logique du capitalisme, peuvent cependant être reconnus et libérés. Cela suppose que les singularités – l’individu dans le collectif, le détail dans l’ensemble, l’élément dans la composition – ne soient pas annexées et liquidées, mais au contraire préservées dans leur expression propre. Adorno, avec Benjamin, nomme « constellations » les modes d’articulation qui y parviennent.Pour en dégager les enjeux, il faut entrer dans le mouvement d’une pensée qui déconstruit les concepts d’identité et de totalité mais ne renonce pas à l’espérance. Les conceptions adorniennes de la dialectique et de la négativité sont traversées par cette tension féconde.Cette introduction à l’œuvre d’Adorno l’interprète comme une réponse à ce que Miguel Abensour appelait la « sommation utopique » : sous l’opacité et la noirceur du monde, l’écriture d’Adorno tente de réveiller un « dire » de vérité, de sauvetage et d’émancipation.
856 4 1 _uhttps://shs.cairn.info/constellation-et-utopie--9782252041185?lang=fr&redirect-ssocas=7080
999 _c2033974
_d2033974